Food and Beverage Service (Record no. 417784)

MARC details
000 -LEADER
fixed length control field 00354nam a2200157Ia 4500
008 - FIXED-LENGTH DATA ELEMENTS--GENERAL INFORMATION
fixed length control field 230605s1999 xx 000 0 und d
041 ## - LANGUAGE CODE
Language code of text/sound track or separate title eng
100 ## - MAIN ENTRY--PERSONAL NAME
Personal name Ronald
245 ## - TITLE STATEMENT
Title Food and Beverage Service
260 ## - PUBLICATION, DISTRIBUTION, ETC.
Name of publisher, distributor, etc. Education Instt. Pub.
Date of publication, distribution, etc. 1999
-- 1999
300 ## - PHYSICAL DESCRIPTION
Extent 597
365 ## - TRADE PRICE
Price amount 415
500 ## - GENERAL NOTE
General note 103
520 ## - SUMMARY, ETC.
Summary, etc. General
650 ## - SUBJECT ADDED ENTRY--TOPICAL TERM
Topical term or geographic name entry element F. B.

No items available.